000 00621nam a22001817a 4500
003 AUA.1
005 20251120181939.0
008 251120b |||||||| |||| 00| 0 eng d
020 _a9798886289169
040 _cJTL
050 _aBX6115.2
_b.M38 2025
100 _aMatacio, Doug
245 _aTurning points :
_bSeventh-day Adventist history and Christian life /
_cDoug Matacio and Michael W. Campbell.
260 _aLincoln, NE :
_bAdventSource;
_c2025.
300 _aviii, 126 pages :
_billustrations;
_c23 cm.
650 _aSeventh-day Adventists
_xHistory
942 _2lcc
_cBOOK
_hBX 6115.2
_i.M38 2025
999 _c25270
_d25270